| 000 | 00533nam a22001937a 4500 | ||
|---|---|---|---|
| 003 | SISC | ||
| 005 | 20160226084109.0 | ||
| 008 | 130829t xxu||||| |||| 00| 0 eng d | ||
| 020 | _a9812475125 | ||
| 050 |
_aQC 21 _b.Y55 2004 |
||
| 082 |
_aHS 530 _bY8 2004 |
||
| 100 |
_aYong, Loo Wan _915028 |
||
| 245 |
_aPhysics insights / _cLoo Wan Yong, Loo Kwok Wai, See Toh Weng Fong. |
||
| 260 |
_aSingapore : _bLongman, _cc2004. |
||
| 300 |
_a483 p. : _bill. ; _c25 cm. |
||
| 650 |
_aPhysics _9126 |
||
| 942 |
_2lcc _cBK |
||
| 999 |
_c9778 _d9778 |
||